书目信息 |
| 题名: |
全国硕士研究生招生考试法律硕士(非法学)专业学位联考考试分析
|
|
| 作者: | ;教育部考试中心 编 | |
| 分册: | ||
| 出版信息: | 北京 高等教育出版社 2018 |
|
| 页数: | 524页 | |
| 开本: | 26cm | |
| 丛书名: | ||
| 单 册: | ||
| 中图分类: | D9 | |
| 科图分类: | ||
| 主题词: | 法律--Fa Lv--研究生--入学考试--自学参考资料 | |
| 电子资源: | ||
| ISBN: | 978-7-04-050357-9 | |
| 000 | 01288nam0 2200253 450 | |
| 001 | 012001006607 | |
| 005 | 20131017102759.0 | |
| 010 | @a978-7-04-050357-9@dCNY93.00 | |
| 099 | @aCAL 012018182271 | |
| 100 | @a20180907d2018 em y0chiy50 ea | |
| 101 | 0 | @achi |
| 102 | @aCN@b110000 | |
| 105 | @ay z 000yy | |
| 106 | @ar | |
| 200 | 1 | @a全国硕士研究生招生考试法律硕士(非法学)专业学位联考考试分析@AQuan Guo Shuo Shi Yan Jiu Sheng Zhao Sheng Kao Shi Fa Lv Shuo Shi ( Fei Fa Xue ) Zhuan Ye Xue Wei Lian Kao Kao Shi Fen Xi@e2019年版@f教育部考试中心编 |
| 210 | @a北京@c高等教育出版社@d2018 | |
| 215 | @a524页@d26cm | |
| 300 | @a2019年高教版 | |
| 330 | @a《全国硕士研究生招生考试法律硕士(非法学)专业学位联考考试分析(2019年版)》本书是与考试大纲完全配套的复习用书,该书由多年参加考试大纲制订和修订的专家编写,意在指导考生进行扎实、高效的复习。本书从基本理论、基本观点角度,对考试大纲的内容和要求作深入地阐述和讲解,力求帮助考生全面了解和准确把握考试大纲的内容和要求。特别是最后附有最新一年的试题分析,告诉考生答题的角度和应注意的问题,避免出现问题明白了却答错了方向的遗憾。 | |
| 606 | 0 | @a法律@AFa Lv@x研究生@x入学考试@j自学参考资料 |
| 690 | @aD9@v5 | |
| 711 | 02 | @a教育部考试中心@AJiao Yu Bu Kao Shi Zhong Xin@4编 |
| 801 | 0 | @aCN@b上海新华@c20191020 |
| 905 | @b1099990-3@dD9@e860@f4 | |
| 全国硕士研究生招生考试法律硕士(非法学)专业学位联考考试分析:2019年版/教育部考试中心编.-北京:高等教育出版社,2018 |
| 524页;26cm |
| 2019年高教版 |
| ISBN 978-7-04-050357-9:CNY93.00 |
| 《全国硕士研究生招生考试法律硕士(非法学)专业学位联考考试分析(2019年版)》本书是与考试大纲完全配套的复习用书,该书由多年参加考试大纲制订和修订的专家编写,意在指导考生进行扎实、高效的复习。本书从基本理论、基本观点角度,对考试大纲的内容和要求作深入地阐述和讲解,力求帮助考生全面了解和准确把握考试大纲的内容和要求。特别是最后附有最新一年的试题分析,告诉考生答题的角度和应注意的问题,避免出现问题明白了却答错了方向的遗憾。 |
| ● |
| 相关链接 |
|
|
|
|
正题名:全国硕士研究生招生考试法律硕士(非法学)专业学位联考考试分析
索取号:D9/860
 
预约/预借
| 序号 | 登录号 | 条形码 | 馆藏地/架位号 | 状态 | 备注 |
| 1 | 1099990 | 210999909 | 第一样本阅览室/ [索取号:D9/860] | 在馆 | |
| 2 | 1099991 | 210999918 | 第一借阅区/ [索取号:D9/860] | 在馆 | |
| 3 | 1099992 | 210999927 | 第一借阅区/ [索取号:D9/860] | 在馆 | |
| 4 | 1099993 | 210999936 | 第一借阅区/ [索取号:D9/860] | 在馆 |